Building design, construction and performance in tropical climates / (Record no. 7616)

000 -LEADER
fixed length control field 00902cam a2200241 i 4500
003 - CONTROL NUMBER IDENTIFIER
control field OSt
005 - DATE AND TIME OF LATEST TRANSACTION
control field 20200317104212.0
008 - FIXED-LENGTH DATA ELEMENTS--GENERAL INFORMATION
fixed length control field 170602s2018 enk b 001 0 eng
020 ## - INTERNATIONAL STANDARD BOOK NUMBER
International Standard Book Number 9781138203884 (pbk. : alk. paper)
040 ## - CATALOGING SOURCE
Original cataloging agency DLC
Language of cataloging eng
Transcribing agency DLC
Description conventions rda
Modifying agency DLC
082 00 - DEWEY DECIMAL CLASSIFICATION NUMBER
Classification number 720.913
Edition number 23
Item number RIL
245 00 - TITLE STATEMENT
Title Building design, construction and performance in tropical climates /
Statement of responsibility, etc edited by Mike Riley, Alison Cotgrave and Michael Farragher.
300 ## - PHYSICAL DESCRIPTION
Extent xiii, 271 pages ;
Dimensions 26 cm
504 ## - BIBLIOGRAPHY, ETC. NOTE
Bibliography, etc Includes bibliographical references and index.
650 #0 - SUBJECT ADDED ENTRY--TOPICAL TERM
Topical term or geographic name as entry element Building
General subdivision Tropical conditions.
650 #0 - SUBJECT ADDED ENTRY--TOPICAL TERM
Topical term or geographic name as entry element Structural design
General subdivision Tropical conditions.
650 #0 - SUBJECT ADDED ENTRY--TOPICAL TERM
Topical term or geographic name as entry element Building materials
General subdivision Effect of temperature on.
650 #0 - SUBJECT ADDED ENTRY--TOPICAL TERM
Topical term or geographic name as entry element Building materials
General subdivision Environmental aspects.
700 1# - ADDED ENTRY--PERSONAL NAME
Personal name Riley, Mike,
Dates associated with a name 1964-
Relator term editor.
700 1# - ADDED ENTRY--PERSONAL NAME
Personal name Cotgrave, Alison,
Relator term editor.
700 1# - ADDED ENTRY--PERSONAL NAME
Personal name Farragher, Michael,
Relator term editor.
942 ## - ADDED ENTRY ELEMENTS (KOHA)
Source of classification or shelving scheme
Holdings
Withdrawn status Lost status Source of classification or shelving scheme Damaged status Koha normalized classification for sorting Not for loan Permanent location Current location Date acquired Total Checkouts Full call number Barcode Date last seen Date last borrowed Price effective from Koha item type
        720_913000000000000_RIL   BMS College of Architecture, Design and Planning BMS College of Architecture, Design and Planning 2020-03-17 2 720.913 RIL AR-PG223 2022-10-27 2022-10-17 2020-03-17 PG Books
Copyright © 2025, The Librarian, Library and Information Centre, BMSCA D&P, Bengaluru. All Rights Reserved
web counter

Powered by Koha